000 00705pam a2200241 a 4500
008
020 _a0314640320 (hbk.)
049 _aMAIN
090 _aQH431
100 1 _aCummings, Michael R.
245 1 0 _aHuman heredity :
_bprinciples and issues /
_cMichael R. Cummings.
260 _aSt. Paul :
_bWest Pub. Co.,
_cc1988.
300 _axxiii, 476 p. :
_bill. (some col.) ;
_c26 cm.
500 _aIncludes index.
504 _aIncludes bibliographical references.
650 0 _aHuman genetics.
650 2 _aGenetics.
907 _a.b10013702
_b30-01-07
_c17-04-03
003
005 20230120193549.0
040 _cNUST
942 _cBOOKS
_kQH431
999 _c101367
_d101367